nguyên tắc phân loại sinh vật
में बचाया:
| मुख्य लेखक: | |
|---|---|
| स्वरूप: | पुस्तक |
| प्रकाशित: |
Hà Nội
Khoa học và Kỹ thuật
|
| टैग : |
टैग जोड़ें
कोई टैग नहीं, इस रिकॉर्ड को टैग करने वाले पहले व्यक्ति बनें!
|
| Thư viện lưu trữ: | Trung tâm Học liệu Lê Vũ Hùng, Trường Đại học Đồng Tháp |
|---|
| LEADER | 00624pam a22002058a 4500 | ||
|---|---|---|---|
| 001 | 00037744 | ||
| 005 | 20171026081025.0 | ||
| 008 | 170514s ||||||Viesd | ||
| 041 | 0 | # | |a Vie |
| 082 | 1 | 4 | |a 580.1 |b NG527T |
| 100 | 1 | # | |a Nguyễn, Anh Diệp |e Chủ biên |
| 245 | 1 | 0 | |a nguyên tắc phân loại sinh vật |c Nguyễn Anh Diệp |
| 260 | # | # | |a Hà Nội |b Khoa học và Kỹ thuật |
| 300 | # | # | |a 225tr. |c 24cm |
| 852 | # | # | |b Kho đọc |j KD.1000640 |
| 910 | |d 14/05/2017 | ||
| 980 | # | # | |a Trung tâm Học liệu Lê Vũ Hùng, Trường Đại học Đồng Tháp |